04160cam a22005654a 45000010009000000050017000090080041000260100017000670200015000840400018000990410008001170420008001250800015001330820019001481000007001671010008001742450080001825040066002629060045003289420012003739990017003859520114004029520114005169520114006309520114007449520114008589520114009729520114010869520114012009520114013149520114014289520114015429520114016569520114017709520114018849520114019989520114021129520114022269520114023409520114024549520114025689520114026829520114027969520114029109520114030249520114031389520114032529520114033669520114034801314045120180207090820.0030328s2004 nyua b 001 0 eng  a 2003048688 a0195167074 aDLCcDLCdDLC aeng apcc a302.2 RON00a302.2 RON2211 a48 aSOC10aInterplay :cRonald B. Adler, Lawrence B. Rosenfeld, Russell F. Proctor II. aIncludes bibliographical references (p. 384-417) and indexes. a7bcbccorignewd1eocipf20gy-gencatlg 2ddccBK c42034d42034 00102ddc40708PËKGa002b002cPËKGd2018-02-07l0o302.2 RONp002-2999297r2018-02-07w2018-02-07yBK 00102ddc40708PËKGa002b002cPËKGd2018-02-07l0o302.2 RONp002-2999287r2018-02-07w2018-02-07yBK 00102ddc40708PËKGa002b002cPËKGd2018-02-07l0o302.2 RONp002-2999282r2018-02-07w2018-02-07yBK 00102ddc40708PËKGa002b002cPËKGd2018-02-07l0o302.2 RONp002-2999277r2018-02-07w2018-02-07yBK 00102ddc40708PËKGa002b002cPËKGd2018-02-07l0o302.2 RONp002-2999272r2018-02-07w2018-02-07yBK 00102ddc40708PËKGa002b002cPËKGd2018-02-07l0o302.2 RONp002-2999267r2018-02-07w2018-02-07yBK 00102ddc40708PËKGa002b002cPËKGd2018-02-07l0o302.2 RONp002-2999296r2018-02-07w2018-02-07yBK 00102ddc40708PËKGa002b002cPËKGd2018-02-07l0o302.2 RONp002-2999291r2018-02-07w2018-02-07yBK 00102ddc40708PËKGa002b002cPËKGd2018-02-07l0o302.2 RONp002-2999262r2018-02-07w2018-02-07yBK 00102ddc40708PËKGa002b002cPËKGd2018-02-07l0o302.2 RONp002-2999286r2018-02-07w2018-02-07yBK 00102ddc40708PËKGa002b002cPËKGd2018-02-07l0o302.2 RONp002-2999281r2018-02-07w2018-02-07yBK 00102ddc40708PËKGa002b002cPËKGd2018-02-07l0o302.2 RONp002-2999276r2018-02-07w2018-02-07yBK 00102ddc40708PËKGa002b002cPËKGd2018-02-07l0o302.2 RONp002-2999271r2018-02-07w2018-02-07yBK 00102ddc40708PËKGa002b002cPËKGd2018-02-07l0o302.2 RONp002-2999266r2018-02-07w2018-02-07yBK 00102ddc40708PËKGa002b002cPËKGd2018-02-07l0o302.2 RONp002-2999257r2018-02-07w2018-02-07yBK 00102ddc40708PËKGa002b002cPËKGd2018-02-07l0o302.2 RONp002-2999261r2018-02-07w2018-02-07yBK 00102ddc40708PËKGa002b002cPËKGd2018-02-07l0o302.2 RONp002-2999252r2018-02-07w2018-02-07yBK 00102ddc40708PËKGa002b002cPËKGd2018-02-07l0o302.2 RONp002-2999256r2018-02-07w2018-02-07yBK 00102ddc40708PËKGa002b002cPËKGd2018-02-07l0o302.2 RONp002-2999251r2018-02-07w2018-02-07yBK 00102ddc40708PËKGa002b002cPËKGd2018-02-07l0o302.2 RONp002-2999246r2018-02-07w2018-02-07yBK 00102ddc40708PËKGa002b002cPËKGd2018-02-07l0o302.2 RONp002-2999247r2018-02-07w2018-02-07yBK 00102ddc40708PËKGa002b002cPËKGd2018-02-07l0o302.2 RONp002-2999242r2018-02-07w2018-02-07yBK 00102ddc40708PËKGa002b002cPËKGd2018-02-07l0o302.2 RONp002-2999241r2018-02-07w2018-02-07yBK 00102ddc40708PËKGa002b002cPËKGd2018-02-07l0o302.2 RONp002-2999290r2018-02-07w2018-02-07yBK 00102ddc40708PËKGa002b002cPËKGd2018-02-07l0o302.2 RONp002-2999285r2018-02-07w2018-02-07yBK 00102ddc40708PËKGa002b002cPËKGd2018-02-07l0o302.2 RONp002-2999280r2018-02-07w2018-02-07yBK 00102ddc40708PËKGa002b002cPËKGd2018-02-07l0o302.2 RONp002-2999275r2018-02-07w2018-02-07yBK 00102ddc40708PËKGa002b002cPËKGd2018-02-07l0o302.2 RONp002-2999270r2018-02-07w2018-02-07yBK